Ballon d'or 2024 - Statistiques

Statistiques générales
  • Ce quiz a été pris 322 fois
  • Le résultat moyen est 17 sur 30
Statistiques - réponses
Rang Joueurs Nationalité Points % Correct
1 Rodri Espagne 1170
98%
6 Kylian Mbappé France 420
97%
5 Erling Haaland Norvège 432
96%
2 Vinícius Júnior Brésil 1129
95%
3 Jude Bellingham Angleterre 917
92%
8 Lamine Yamal Espagne 383
87%
7 Lautaro Martínez Argentine 402
81%
10 Harry Kane Angleterre 201
80%
18 Emiliano Martínez Argentine 28
79%
4 Dani Carvajal Espagne 550
76%
12 Florian Wirtz Allemagne 101
66%
19 Martin Ødegaard Norvège 16
60%
9 Toni Kroos Allemagne 291
58%
17 Federico Valverde Uruguay 58
55%
11 Phil Foden Angleterre 157
55%
14 Ademola Lookman Nigéria 82
54%
15 Nico Williams Espagne 73
48%
16 Granit Xhaka Suisse 60
46%
21 Bukayo Saka Angleterre 14
43%
27 Vitinha Portugal 5
37%
24 William Saliba France 8
37%
13 Dani Olmo Espagne 86
36%
22 Antonio Rüdiger Allemagne 13
34%
23 Rúben Dias Portugal 8
34%
25 Cole Palmer Angleterre 7
31%
20 Hakan Çalhanoğlu Turquie 15
29%
26 Declan Rice Angleterre 5
28%
30 Artem Dovbyk Ukraine 0
27%
28 Alejandro Grimaldo Espagne 2
23%
30 Mats Hummels Allemagne 0
21%
Aucun quiz correspondant
Distribution des résultats
% des personnes avec chaque résultat
Percentile par nombre de réponses
Votre historique - résultats
Vous n’avez pas pris ce quiz